Standard conditions of sale:a conveyancer's guide. (Record no. 5902)
[ view plain ]
| 000 -LEADER | |
|---|---|
| fixed length control field | 00562nam a22001817a 4500 |
| 008 - FIXED-LENGTH DATA ELEMENTS--GENERAL INFORMATION | |
| fixed length control field | 140630b xxu||||| |||| 00| 0 eng d |
| 020 ## - INTERNATIONAL STANDARD BOOK NUMBER | |
| International Standard Book Number | 1-846-610-087 |
| 082 ## - DEWEY DECIMAL CLASSIFICATION NUMBER | |
| Edition number | 7th ed. |
| Classification number | 346.072 SIL |
| 100 ## - MAIN ENTRY--PERSONAL NAME | |
| Personal name | Silverman,Frances. |
| 245 ## - TITLE STATEMENT | |
| Title | Standard conditions of sale:a conveyancer's guide. |
| Remainder of title | a conveyancer's guide |
| Statement of responsibility, etc | Frances,silverman |
| 250 ## - EDITION STATEMENT | |
| Edition statement | 7th ed. |
| 260 ## - PUBLICATION, DISTRIBUTION, ETC. (IMPRINT) | |
| Place of publication, distribution, etc | Bristol, |
| Name of publisher, distributor, etc | Jordan Publishing Limited. |
| Date of publication, distribution, etc | 2006. |
| 300 ## - PHYSICAL DESCRIPTION | |
| Extent | xxiv,313 p.; |
| Dimensions | 24 cm. |
| 521 ## - TARGET AUDIENCE NOTE | |
| Target audience note | includes index. |
| 650 ## - SUBJECT ADDED ENTRY--TOPICAL TERM | |
| Source of heading or term | standard conditions of sale |
| 760 ## - MAIN SERIES ENTRY | |
| Edition | 7th ed. |
| 942 ## - ADDED ENTRY ELEMENTS (KOHA) | |
| Source of classification or shelving scheme | Dewey Decimal Classification |
| Item type | Books |
| Withdrawn status | Lost status | Source of classification or shelving scheme | Damaged status | Not for loan | Home library | Current library | Shelving location | Date acquired | Total Checkouts | Full call number | Barcode | Date last seen | Copy number | Price effective from | Koha item type | Public note |
|---|---|---|---|---|---|---|---|---|---|---|---|---|---|---|---|---|
| Dewey Decimal Classification | Law Development Centre Main Library | Law Development Centre Main Library | Text Books and Laws | 06/30/2014 | 346.072 SIL | 9938/2014 | 06/30/2014 | 1 | 06/30/2014 | Books | Reserve | |||||
| Dewey Decimal Classification | Law Development Centre Main Library | Law Development Centre Main Library | 07/03/2015 | 346.072 SIL | 07/03/2015 | 07/03/2015 | Books |
